Cosmere Characters By Quotes - Statistics

General Stats
  • This quiz has been taken 293 times
  • The average score is 12 of 20
Answer Stats
Hint Answer % Correct
"I am a stick." Stick
92%
"So yes, I... have shat myself in shardplate, three times, all on purpose." Adolin
90%
"A man can never have enough cousins." Lopen
89%
"Notting about the seeing. Wasing about the not seeing." Spook
88%
"No Mating!" Pattern
82%
"The only point in creating something is to watch it die." Ruin
80%
"I'm pure. I'm a child and stuff. I'm so storming pure I practically belch rainbows." Lift
75%
"I am offend... Very offend... No apologize! Boots!" Shallan
73%
"I know this because I am intelligent and articulate. You should compliment me now." Sylphrena
69%
"My dear friend, the entire point of life is to find ways to get other people to do your work for you." Breeze
65%
"What's a dog?" Kaladin
62%
"Make me pretty so they'll be extra disturbed if my face ever unravels. And give me voluptuous curves, because they remind me of a graphed cosine. And also boobs look fun,"" Design
55%
"I always say, when trouble troubles you, keep a stiff’s upper lip! Or several." Ulaam
54%
''I could not become a dragon. I am an utter and complete failure that.'' Dog
51%
"He had a jaw so straight it made other men doubt if they were." Hoid
45%
"You two are a pair of nails in the same doorframe. Stern, hard, and storming annoying to pull free." Navani
31%
"Everybody knows I'm irreperably handsome" Wax
22%
"He's suffering from a rather terminal and perpetual ailment. Namely, that of being dead." Kabsal
19%
"'Hey, all these people have stuff .' And we figured ... hey, maybe we should have that stuff. So we took it." Dalinar
17%
"I guess it can't be any harder than having a staring contest with mortality." Teft
13%
No matching quizzes found
Score Distribution
Percent of People with Each Score
Percentile by Number Answered
Your Score History
You have not taken this quiz